Loading...
Vedom mem viswedeva
| Main Author: | |
|---|---|
| Format: | Printed Book |
| Published: |
Delhi
J P
2006
|
| Subjects: |
| LEADER | 00539nam a22001691a 4500 | ||
|---|---|---|---|
| 020 | |c 0.00 | ||
| 040 | |a SSUS - Library - Kalady | ||
| 082 | |a S 294.5921 |b KRI/V | ||
| 100 | |a Krishna Lal | ||
| 245 | |a Vedom mem viswedeva |h [Text] | ||
| 260 | |a Delhi |b J P |c 2006 | ||
| 300 | |a 188p. | ||
| 600 | |a Vedic Literature | ||
| 852 | |h S 294.5921 |i KRI/V |p 054693 |9 240.00 |t 0 | ||
| 942 | |c BK | ||
| 999 | |c 49562 |d 49562 | ||
| 952 | |0 0 |1 0 |4 0 |6 S_294_592100000000000_KRI_V |7 0 |9 72067 |a SSUS |b SSUS |d 2015-01-08 |g 240.00 |o S 294.5921 KRI/V |p 054693 |r 2015-01-08 |v 0.00 |w 2015-01-08 |y BK | ||